000 03682nam a22003497a 4500
005 20100218105857.0
010 _aB-396228-240
020 _a8189790547
_c150.00
035 _aB-396228-240
037 _bपैन्सी बुक्स/ VEN
082 _a821
100 _aकौशिक, रमेश
_922623
245 _aयहाँ तक वहाँ से /
_cरमेश कौशिक
260 _aबिजनौर
_bहिंदी साहित्य निकेतन
_c2008
270 _a16 साहित्य विहार
_bबिजनौर (उ.प्र.)
_e110002
_k01342 263232
300 _a127पृ
_c22सेमी (सजिल्द)
942 _2ddc
_cHN
_mकौशिक
_h821
999 _c34102
_d34102